000 00980cab a2200277 4500
001 ABS58626
008 090401t1998 xxu||||| |||| 00| 0 eng d
035 _a(Sirsi) u85907
041 _aeng
100 _aWilliams, J.
245 _aGiving expert witness? What the judge might throw out
260 _c1998
350 _a0
490 _aCSM
_bChartered Surveyor Monthly
_vApril 1998, 46-47(2)
520 _aConsiders the importance of well prepared expert reports and suggests that universities and colleges providing degrees in surveying should include drafting reports in the syllabus. References.
650 _aBOLAM V FRIERN HOSPITAL
650 _aCAREERS, EDUCATION AND TRAINING
650 _aEXPERT WITNESS
_96239
650 _aHEDLEY BYRNE & CO LTD V HELLER & PARTNERS LTD
650 _aSURVEYORS
650 _aUNIVERSITIES
690 _aMANAGEMENT-BUSINESS MANAGEMENT-PROFESSIONAL PRACTICE
700 _aGracia, P.
942 _n0
948 _c30/04/1998
999 _c54041
_d54041